BASIC OF ANATOMY, PHYSIOLOGY AND MICROBIOLOGY (Record no. 24930)
[ view plain ]
| 000 -LEADER | |
|---|---|
| fixed length control field | 00451nam a22001697a 4500 |
| 003 - CONTROL NUMBER IDENTIFIER | |
| control field | SGT |
| 020 ## - INTERNATIONAL STANDARD BOOK NUMBER | |
| International Standard Book Number | 9788123915319 |
| 082 ## - DEWEY DECIMAL CLASSIFICATION NUMBER | |
| Classification number | 611 |
| Item number | B22V |
| 100 ## - MAIN ENTRY--PERSONAL NAME | |
| Personal name | VENKATESH, D. |
| 245 ## - TITLE STATEMENT | |
| Title | BASIC OF ANATOMY, PHYSIOLOGY AND MICROBIOLOGY |
| 250 ## - EDITION STATEMENT | |
| Edition statement | 1ST |
| 260 ## - PUBLICATION, DISTRIBUTION, ETC. (IMPRINT) | |
| Place of publication, distribution, etc | INDIA |
| Name of publisher, distributor, etc | CBS PUB |
| Year of Publication | 2022 |
| 300 ## - PAGE DESCRIPTION | |
| No. of Pages | 369 |
| 650 ## - SUBJECT ADDED ENTRY--TOPICAL TERM | |
| Topical term or geographic name as entry element | BASIC OF ANATOMY, PHYSIOLOGY AND MICROBIOLOGY |
| 653 ## - KEYWORDS--INDEX TERM | |
| Keyword term | BASIC OF ANATOMY, PHYSIOLOGY AND MICROBIOLOGY |
| 942 ## - ADDED ENTRY ELEMENTS (KOHA) | |
| Source of classification or shelving scheme | Dewey Decimal Classification |
| Koha item type | Books |
| 942 ## - ADDED ENTRY ELEMENTS (KOHA) | |
| -- | 57 |
| Withdrawn status | Lost status | Source of classification or shelving scheme | Damaged status | Not for loan | Collection code | Home library | Current library | Shelving location | Date acquired | Vendor Name | Cost, normal purchase price | SGTU | Bill Number | Full call number | Accession No. (Barcode) | Date last seen | Bill Date | Koha item type | Total Checkouts | Date last borrowed | Checked out |
|---|---|---|---|---|---|---|---|---|---|---|---|---|---|---|---|---|---|---|---|---|---|
| Dewey Decimal Classification | Not For Loan | NURSING | SGT Medical Library | SGT Medical Library | Text Book | 02/09/2023 | ABC DELHI | 695.00 | SGTU | 16927 | 611 B22V | FN5211 | 02/09/2023 | 20/06/2023 | Books | ||||||
| Dewey Decimal Classification | NURSING | SGT Medical Library | SGT Medical Library | Text Book | 02/09/2023 | ABC DELHI | 695.00 | SGTU | 16927 | 611 B22V | FN5212 | 24/12/2025 | 20/06/2023 | Books | 21 | 05/12/2025 | |||||
| Dewey Decimal Classification | NURSING | SGT Medical Library | SGT Medical Library | Text Book | 02/09/2023 | ABC DELHI | 695.00 | SGTU | 16927 | 611 B22V | FN5213 | 23/12/2025 | 20/06/2023 | Books | 19 | 05/12/2025 | |||||
| Dewey Decimal Classification | NURSING | SGT Medical Library | SGT Medical Library | Text Book | 02/09/2023 | ABC DELHI | 695.00 | SGTU | 16927 | 611 B22V | FN5214 | 19/01/2024 | 20/06/2023 | Books | 7 | 19/01/2024 | 02/02/2024 | ||||
| Dewey Decimal Classification | NURSING | SGT Medical Library | SGT Medical Library | Text Book | 02/09/2023 | ABC DELHI | 695.00 | SGTU | 16927 | 611 B22V | FN5215 | 15/12/2025 | 20/06/2023 | Books | 23 | 05/12/2025 |